Culture générale en 60 secondes #6 - Astronomie - Statistiques

Statistiques générales
  • Ce quiz a été pris 213 fois
    194 depuis la dernière actualisation
  • Le résultat moyen est 5 sur 14
Statistiques - réponses
Indice Réponse % Correct
Comment appelle t-on notre galaxie ? Voie Lactée
95%
Quelle est la planète la plus éloignée du Soleil ? Neptune
92%
La vitesse de celle-ci équivaut à 300 000 km/s Lumière
63%
Quel est le plus grand télescope spatial jamais lancé, en 2021 ? James Webb
50%
Dans quel mer lunaire les astronautes d'Apollo 11 ont-il atterri ? Mer de la Tranquilité
42%
Comment s'appelle le plus grand volcan du système solaire, situé sur Mars ? Olympus Mons
26%
Cérès, Vesta, Apophis et Didymos sont des exemples de... Astéroïde
19%
Dans quelle constellation se trouve Bételgeuse ? Orion
15%
Quel anticyclone gigantesque perdure dans l'atmosphère de Jupiter depuis plusieurs siècles ? Grande Tache Rouge
12%
Citez l'une des quatre grosses lunes de Jupiter que celui-ci a découvert Io | Europe | Ganymède | Callisto
10%
Quelle mission de la NASA prévoit de retourner sur la Lune en 2028 ? Artemis
9%
Quel homme du XVIIᵉ siècIe est connu pour avoir mis au point la première lunette astronomique ? Galilée
9%
Quel groupe d'étoiles et de planètes est le plus proche du système solaire ? Alpha du Centaure
6%
Les étoiles peuvent se regrouper en amas ouverts ou en amas... Globulaires
1%
Aucun quiz correspondant
Distribution des résultats
% des personnes avec chaque résultat
Percentile par nombre de réponses
Votre historique - résultats
Vous n’avez pas pris ce quiz depuis la dernière actualisation